000 00572nam a2200217Ia 4500
005 20250508164426.0
008 008 250505s9999 xx 000 0 eng d
020 _a81-89766-52-x
037 _aTextual
040 _aFEDL
_beng
_cFEDL
041 _aeng
_2eng
084 _a305.4, ZAH
_qFEDL
100 _aZaheer Noor
245 0 _aMy god is a woman
260 _aNew Delhi, India
_bVitasta Publishing Private Limited
_c2008
300 _a306p.
365 _aINR
_b295
650 _aWomen
942 _cTEXL
_h305.4, ZAH
999 _c1389069
_d1389069